000 004360000a22001810004500
003 MACL
005 20151018133805.0
008 151018b xxu||||| |||| 00| 0 eng d
040 _aMACL
_cMACL
041 _aEnglish
082 _a920/PRA
100 _aPrasad, R C
_915546
245 _aShri Krishna Sinha A biography
260 _bN. K Enterprises
_aNew Delhi
350 _a100
650 _aBiography
_915845
942 _cBK
_k920
_2ddc
999 _c8341
_d8341